| 000 | 00887nam a22002657a 4500 | ||
|---|---|---|---|
| 003 | BCEG | ||
| 005 | 20260327160558.0 | ||
| 008 | 260327s2019 mx |||||||||||00||||spa d | ||
| 020 | _a9788446047483 | ||
| 040 |
_aBCEG _bspa _cBCEG |
||
| 082 | 0 | 4 |
_a305.42 _bA656e |
| 245 | 0 | 0 |
_aAquí estamos _b: puzzle de un momento feminista. |
| 260 |
_aMadrid : _bAkal, _c2019. |
||
| 300 | _a205 p. | ||
| 490 |
_aPensamiento Crítico ; _v77. |
||
| 500 | _aEn coedición con el Instituto 25 de mayo para la Democracia (I25M). Fundación dedicada al análisis, la formación y la creación política y cultural. | ||
| 504 | _aIncluye bibliografía. | ||
| 541 | _aCompra. | ||
| 650 | 1 | 4 | _aFeminismo. |
| 700 | 1 |
_aAlvar, Carmen, _d1989-., _eil. |
|
| 700 | 1 |
_aCadenas Cañón, Isabel, _d1982-., _ecoaut. |
|
| 700 | 1 |
_aMoro-Coco, Mayra, _ecoaut. |
|
| 700 | 1 |
_aCastañón, Sofía, _ecoaut. |
|
| 942 | _cBK | ||
| 999 |
_c437154 _d437154 |
||